000 00660nam a2200205Ii 4500
003 JO-AjNU
008 230605s9999||||xx |||||||||||||| ||und||
040 _aJO-AjNU
_bara
_erda
_cJO-AjNU
041 _aara
050 1 4 _aQA371.A33688 1991
100 3 _aعوض، عدنان/ م . مشارك نمر احمد نمر ,
_eauthor
_928870
245 0 0 _a المعادلات التفاضلية
250 _aط1
264 3 1 _aعمان:دار الصفاء، 1991
300 _a514ص
336 _atext
_btxt
_2rdacontent
337 _aunmediated
_bn
_2rdamedia
338 _avolume
_bnc
_2rdacarrier
650 4 _a المعادلات التفاضلية 
_928871
999 _aA11252
_c14820
_d14820